000
00283nam a22001217a 4500
020
_a
9788189401399
082
_a
624.1821
_b
RAM/LI
100
_a
Ramachandra
_9
195
245
_a
Limit State Design
260
_a
New Delhi
_b
Standard Book House
_c
2011
300
_a
1137
942
_c
BK
999
_c
14161
_d
14161